000 01179nam a22002657a 4500
001 BD-DhSAU 9383
003 BD-DhSAU
005 20160929153621.0
008 150612b2006 bg a||||r|||| 000 0 eng d
040 _aBD-DhSAU
082 _222
_a630.715
_bK166
100 _aKausar, A. S. M. Nasir Uddin
_eRegistration No. # 25180/00311
245 _aUse of integrated pest management practices by the farmers in crop cultivation /
_bMS thesis
_cby A. S. M. Nasir Uddin Kausar.
260 _aSher-e- Bangla Agricultural University :
_bDepartment of Agricultural Extension and Information System,
_c2006.
300 _avii, 102 p. :
_bill. ,
_c30 cm.
500 _aMS thesis of Department of Agricultural Extension and Information System, Faculty of Agriculture, Sher-e-Bangla Agricultural University, Dhaka, Bangladesh
590 _ajoy
650 _aAgricultural Extension and Information System
650 _aIPM
650 _aIntegrated pest management
_xCrop cultivation
700 _aUlla, Md. Shadat
_eSupervisor
700 _aWaliullah, A N M
_eCo-Supervisor
856 _uhttp://archive.saulibrary.edu.bd:8080/handle/123456789/338
942 _2ddc
_cTHESIS
999 _c9383
_d9383